Valtiot, joiden nimi alkaa eri kirjaimella suomeksi ja englanniksi - Statistics

Yleistilastot
  • Tätä visaa on pelattu 135 kertaa
    131 viimeisimmän päivityksen jälkeen
  • Keskiarvotulos 31 / 43
Vastaustilastot
maanosa suomeksi englanniksi % Oikein
Eurooppa Venäjä Russia
94%
Eurooppa Ruotsi Sweden
93%
Eurooppa Saksa Germany
92%
Eurooppa Ranska France
90%
Eurooppa Yhdistynyt kuningaskunta United Kingdom
90%
Pohjois-Amerikka Yhdysvallat United States
90%
Afrikka Etelä-Afrikka South Africa
89%
Eurooppa Espanja Spain
88%
Eurooppa Suomi Finland
88%
Eurooppa Viro Estonia
88%
Eurooppa Alankomaat Netherlands
87%
Eurooppa Tanska Denmark
87%
Aasia Kiina China
86%
Eurooppa Valko-Venäjä Belarus
86%
Aasia Etelä-Korea South Korea
85%
Aasia Pohjois-Korea North Korea
85%
Eurooppa Unkari Hungary
85%
Pohjois-Amerikka Kanada Canada
82%
Eurooppa Kreikka Greece
82%
Oseania Uusi-Seelanti New Zealand
81%
Afrikka Kongon demokraattinen tasavalta Democratic Republic of the Congo
79%
Afrikka Kongon tasavalta Republic of the Congo
79%
Eurooppa Itävalta Austria
76%
Afrikka Keski-Afrikan tasavalta Central African Republic
69%
Eurooppa Pohjois-Makedonia North Macedonia
69%
Eurooppa Tšekki Czech Republic
69%
Afrikka Etelä-Sudan South Sudan
68%
Etelä-Amerikka Kolumbia Colombia
68%
Eurooppa Kroatia Croatia
67%
Pohjois-Amerikka Kuuba Cuba
64%
Afrikka Norsunluurannikko Ivory Coast
62%
Aasia Yhdistyneet arabiemiirikunnat United Arab Emirates
60%
Aasia Kypros Cyprus
52%
Aasia Filippiinit Philippines
50%
Aasia Itä-Timor East Timor
50%
Afrikka Sambia Zambia
46%
Afrikka Kamerun Cameroon
45%
Afrikka Päiväntasaajan Guinea Equatorial Guinea
45%
Aasia Jemen Yemen
44%
Aasia Kambodža Cambodia
44%
Afrikka Tšad Chad
44%
Afrikka Kap Verde Cape Verde
43%
Afrikka Komorit Comoros
43%
Ehtoja vastaavia visoja ei löytynyt
Tulosjakauma
Jokaisen tuloksen saaneiden osuus
Persentiili vastausten määrän mukaan
Tuloshistoriasi
Et ole pelannut tätä visaa sen viimeisimmän päivityksen jälkeen